[Event "Mechanics' Fall TNM; 30/90, SD/30"]
[Site "San Francisco"]
[Date "2011.11.15"]
[Round "5.8"]
[White "Abraham, Renjish"]
[Black "Klinetobe, David"]
[Result "1/2-1/2"]
[WhiteElo "1884"]
[BlackElo "2011"]
[PlyCount "85"]
[EventDate "2011.??.??"]

1. c4 Nf6 2. Nc3 c5 3. g3 e6 4. Bg2 d5 5. cxd5 exd5 6. d4 cxd4 7. Qxd4 Nc6 8.
Qd1 d4 9. Ne4 Bb4+ 10. Bd2 O-O 11. Nxf6+ Qxf6 12. Bxb4 Nxb4 13. Qd2 Qb6 14. a3
Nc6 15. Nf3 Bf5 16. O-O Rad8 17. Rac1 Rfe8 18. b4 Qa6 19. Qg5 Rd5 20. Nh4 Be4
21. Qg4 Bxg2 22. Nxg2 Qxa3 23. Nf4 Ne5 24. Rc8 Rdd8 25. Rxd8 Rxd8 26. Qf5 Ng6
27. Nd3 Qa2 28. Qb5 Qd5 29. Qxd5 Rxd5 30. Rc1 Nf8 31. Rc8 b6 32. Kg2 a5 33.
bxa5 bxa5 34. Ra8 g6 35. Nc1 Rb5 36. Rd8 a4 37. Rxd4 Ra5 38. Na2 Ne6 39. Rc4
Kg7 40. e4 g5 41. Kf3 h5 42. Ke3 g4 43. f4 1/2-1/2

[Event "Mechanics' Fall TNM; 30/90, SD/30"]
[Site "San Francisco"]
[Date "2011.12.06"]
[Round "8.11"]
[White "Abraham, Renjish"]
[Black "Ledford, Steven"]
[Result "1-0"]
[WhiteElo "1884"]
[BlackElo "1957"]
[PlyCount "73"]
[EventDate "2011.??.??"]

1. c4 Nf6 2. Nc3 c5 3. Nf3 d5 4. cxd5 Nxd5 5. e4 Nb4 6. d3 Bg4 7. a3 Bxf3 8.
gxf3 N4c6 9. Qa4 Nd7 10. f4 e6 11. Be3 a6 12. Rc1 b5 13. Qd1 Qa5 14. Bd2 Nd4
15. Bg2 Rc8 16. O-O Qb6 17. Ne2 Nxe2+ 18. Qxe2 Be7 19. e5 g6 20. d4 O-O 21. d5
exd5 22. Bxd5 Kh8 23. Rc3 Rce8 24. Rh3 f5 25. Bc3 b4 26. Bd2 Bd8 27. axb4 Nf6
28. Bf3 Ng8 29. Ra1 cxb4 30. Rxa6 Qd4 31. Be3 Qd7 32. Bc6 Qf7 33. Bd4 Bf6 34.
Qf3 Rd8 35. Ra7 Ne7 36. exf6 Nxc6 37. Rxf7 1-0

[Event "Mechanics' Fall TNM; 30/90, SD/30"]
[Site "San Francisco"]
[Date "2011.10.18"]
[Round "1.7"]
[White "Abraham, Renjish"]
[Black "Newey, Richard"]
[Result "1-0"]
[WhiteElo "1884"]
[BlackElo "1742"]
[PlyCount "91"]
[EventDate "2011.??.??"]

1. c4 c6 2. d4 d5 3. Nc3 Bf5 4. Nf3 e6 5. Bf4 Nf6 6. e3 Nbd7 7. Be2 Qb6 8. Qc1
Bb4 9. a3 Bxc3+ 10. Qxc3 Ne4 11. Qc1 Qb3 12. O-O O-O 13. Nh4 g5 14. Nxf5 exf5
15. Bg3 Rfe8 16. c5 f4 17. Bd1 Nxg3 18. hxg3 (18. Bxb3 Ne2+) 18... Qd3 19. Bc2
Qc4 20. b3 Qa6 21. exf4 g4 22. Qd2 Re2 23. Qd3 Qxd3 24. Bxd3 Rd2 25. Rfd1 Rb2
26. Rab1 Ra2 27. a4 Re8 28. Kf1 Nf6 29. Re1 Ne4 30. Bxe4 dxe4 31. Re2 Rxe2 32.
Kxe2 f5 33. Kd2 Kg7 34. b4 Rd8 35. Ke3 Re8 36. b5 Re7 37. bxc6 bxc6 38. a5 Kg6
39. a6 Re8 40. Rb7 Ra8 41. Rc7 Rb8 42. Rb7 Ra8 43. Kd2 Kf6 44. Rxh7 Ke6 45. Kc3
Kd5 46. Rd7+ 1-0

[Event "Mechanics' Fall TNM; 30/90, SD/30"]
[Site "San Francisco"]
[Date "2011.11.01"]
[Round "3.16"]
[White "Abraham, Renjish"]
[Black "Rakonitz, David"]
[Result "1-0"]
[WhiteElo "1884"]
[BlackElo "1455"]
[Annotator "Donaldson"]
[PlyCount "75"]
[EventDate "2011.??.??"]

1. d4 Nf6 2. c4 e6 3. Nc3 Bb4 4. e3 c5 5. a3 Bxc3+ 6. bxc3 O-O 7. Bd3 Nc6 8.
Nf3 d6 9. O-O e5 10. e4 h6 11. d5 Na5 12. Nd2 Bg4 13. Qe1 Re8 14. Rb1 b6 15. f4
exf4 16. Rxf4 Bh5 17. Nf1 Nd7 18. Ng3 Bg6 19. Qf1 Ne5 20. Be2 Rf8 21. Rb2 Qd7
22. Rh4 Qe7 23. Rf4 Qd7 24. Nf5 Bxf5 25. exf5 g5 26. f6 $1 Ng6 (26... gxf4 27.
Qxf4 $18) 27. Re4 (27. Rf3 $1 Rfe8 28. Rh3 $16) 27... Rae8 28. Bg4 Qc7 29. Bf5
Rxe4 30. Bxe4 Ne5 $2 (30... Re8) (30... Qd7) 31. Qf5 (31. Bxg5) 31... Ng6 32.
h4 $2 (32. Qh3 $1 Qd8 33. Bxg5 hxg5 34. Rf2 $18) 32... Qc8 33. Qf3 g4 $2 (33...
Ne5 34. Qh5 Qg4 $1 35. Qxh6 $4 Qd1+ 36. Kh2 Ng4+) 34. Qe3 Qd8 35. Rf2 Nxc4 36.
Qxh6 Qxf6 37. Rxf6 Nce5 38. h5 1-0

[Event "Mechanics' Fall TNM; 30/90, SD/30"]
[Site "San Francisco"]
[Date "2011.10.25"]
[Round "2.18"]
[White "Allen, Tom"]
[Black "Chamberlain, Ethan"]
[Result "0-1"]
[WhiteElo "1574"]
[BlackElo "1930"]
[PlyCount "52"]
[EventDate "2011.??.??"]

1. e4 c5 2. d4 cxd4 3. c3 dxc3 4. Nxc3 e6 5. Nf3 d6 6. Bf4 Nf6 7. Qc2 Be7 8.
Bc4 a6 9. O-O b5 10. Bd3 e5 11. Bg5 h6 12. Bxf6 Bxf6 13. Rfd1 Bb7 14. Bxb5+
axb5 15. Nxb5 O-O 16. Nxd6 Qb6 17. Rd2 Nc6 18. Rad1 Rxa2 19. Nc4 Qa6 20. Na3
Rxa3 21. bxa3 Qxa3 22. Qb1 Bc8 23. Ra2 Qe7 24. h3 Be6 25. Rb2 Nd4 26. Nd2 Ne2+
0-1

[Event "Mechanics' Fall TNM; 30/90, SD/30"]
[Site "San Francisco"]
[Date "2011.12.06"]
[Round "8.19"]
[White "Allen, Tom"]
[Black "Henry, Joseph"]
[Result "1-0"]
[WhiteElo "1574"]
[BlackElo "1287"]
[PlyCount "43"]
[EventDate "2011.??.??"]

1. e4 e5 2. Nf3 Nc6 3. d4 exd4 4. c3 dxc3 5. Bc4 h6 6. Nxc3 Bb4 7. O-O Bxc3 8.
bxc3 d6 9. Re1 Qf6 10. Re3 Bg4 11. Qb3 Na5 12. Qb5+ c6 13. Qxa5 b6 14. Qa3 Ne7
15. Rd3 Nc8 16. Ba6 d5 17. exd5 cxd5 18. Bb5+ Bd7 19. Bxd7+ Kxd7 20. Rxd5+ Nd6
21. Bb2 Rad8 22. c4 1-0

[Event "Mechanics' Fall TNM; 30/90, SD/30"]
[Site "San Francisco"]
[Date "2011.11.08"]
[Round "4.27"]
[White "Allen, Tom"]
[Black "Olson, David"]
[Result "1-0"]
[WhiteElo "1574"]
[BlackElo "1400"]
[PlyCount "67"]
[EventDate "2011.??.??"]

1. e4 e5 2. Nf3 d6 3. d4 exd4 4. Qxd4 Nc6 5. Bb5 Bd7 6. Bxc6 Bxc6 7. Nc3 Nf6 8.
O-O Be7 9. Re1 O-O 10. Bg5 h6 11. Bh4 Ng4 12. Bxe7 Qxe7 13. Nd5 Qd7 14. Nf4
Rae8 15. Rad1 Nf6 16. Nd2 Qg4 17. g3 a6 18. f3 Qg5 19. Nc4 b5 20. Ne3 h5 21.
Neg2 Re5 22. Nh3 Qh6 23. Nh4 g6 24. Qc3 Bd7 25. Nf2 Rc5 26. Qxf6 Rxc2 27. Nd3
Re8 28. Nb4 Re6 29. Qd8+ Kg7 30. Qxd7 Rxb2 31. Nxa6 Re5 32. Nxc7 Qg5 33. Qxd6
Rc5 34. Qd4+ 1-0

[Event "Mechanics' Fall TNM; 30/90, SD/30"]
[Site "San Francisco"]
[Date "2011.10.25"]
[Round "2.19"]
[White "Anderson, Michael"]
[Black "Malvar, Melchor"]
[Result "1-0"]
[WhiteElo "1900"]
[BlackElo "1574"]
[PlyCount "57"]
[EventDate "2011.??.??"]

1. e4 d6 2. d4 g6 3. Nf3 Bg7 4. Be2 c6 5. O-O Qc7 6. c4 Nf6 7. Nc3 O-O 8. h3
Re8 9. Be3 Nbd7 10. Rc1 a6 11. Qd2 e6 12. b4 Nf8 13. a4 b6 14. Rfd1 N6d7 15. d5
Bxc3 16. Rxc3 Nf6 17. Bh6 Nxe4 18. Qd4 f5 19. Re3 e5 20. Qa1 Bb7 21. Rxe4 fxe4
22. Ng5 Bc8 23. Nxe4 Nd7 24. dxc6 Qxc6 25. Nxd6 Bb7 26. Bf3 Qc7 27. Bxb7 Nf6
28. Bxa8 Rxa8 29. Qxe5 1-0

[Event "Mechanics' Fall TNM; 30/90, SD/30"]
[Site "San Francisco"]
[Date "2011.11.29"]
[Round "7.15"]
[White "Anderson, Michael"]
[Black "Salvo, Tab"]
[Result "0-1"]
[WhiteElo "1900"]
[BlackElo "1716"]
[Annotator "Donaldson"]
[PlyCount "46"]
[EventDate "2011.??.??"]

1. e4 c5 2. d4 cxd4 3. c3 dxc3 4. Nxc3 a6 5. Bc4 e6 6. Nf3 d6 7. O-O Be7 8. Qe2
Qc7 9. Bf4 Nc6 10. Rac1 Nf6 11. e5 dxe5 12. Nxe5 Nxe5 13. Bxe5 Qa5 14. b4 Bxb4
15. Bxf6 gxf6 16. Nd5 Be7 {White is winning.} 17. Nc7+ $1 Kf8 18. Nxa8 Bd7 19.
Qe3 Bc5 20. Qh6+ $6 Ke7 21. Rcd1 (21. Rfd1) 21... Rxa8 22. Qxh7 Rf8 23. Rfe1 $6
Bxf2+ {Black recovers his material after 24.Kxf2 Qc5+ 25.Re3 Qxc4 but the
position is equal. Anderson was sick and tired and decided he had had enough.}
0-1

[Event "Mechanics' Fall TNM; 30/90, SD/30"]
[Site "San Francisco"]
[Date "2011.11.22"]
[Round "6.7"]
[White "Banik, Siddharth"]
[Black "Fuentes, Romulo"]
[Result "1-0"]
[WhiteElo "1974"]
[BlackElo "2211"]
[PlyCount "56"]
[EventDate "2011.??.??"]

1. e4 c5 2. Nf3 d6 3. d4 cxd4 4. Nxd4 Nf6 5. Nc3 a6 6. f4 Bg4 7. Be2 Bxe2 8.
Qxe2 Qb6 9. Nb3 e6 10. Be3 Qc7 11. O-O-O Nbd7 12. g4 b5 13. a3 Nb6 14. e5 Nfd7
15. exd6 Bxd6 16. Bxb6 Nxb6 17. f5 Bf4+ 18. Kb1 e5 19. Rhf1 O-O 20. h4 Rfd8 21.
g5 Rac8 22. Rg1 Rxd1+ 23. Rxd1 Qe7 24. f6 gxf6 25. gxf6 Qf8 26. Rg1+ Kh8 27.
Qh5 Rxc3 28. Rg7 h6 1-0

[Event "Mechanics' Fall TNM; 30/90, SD/30"]
[Site "San Francisco"]
[Date "2011.12.06"]
[Round "8.7"]
[White "Banik, Siddharth"]
[Black "Krasnov, Steven"]
[Result "1-0"]
[WhiteElo "1974"]
[BlackElo "1974"]
[PlyCount "73"]
[EventDate "2011.??.??"]

1. e4 g6 2. d4 Bg7 3. Nc3 d6 4. Be2 Nd7 5. Be3 a6 6. f4 b5 7. e5 Bb7 8. Bf3 Qc8
9. Nh3 Nh6 10. g4 c5 11. exd6 cxd4 12. Bxd4 Bxf3 13. Qxf3 Bxd4 14. Nd5 Ra7 15.
O-O-O Qc4 16. Nxe7 Bb6 17. Rhe1 Kf8 18. Nc6 Kg7 19. Nxa7 Bxa7 20. Qb7 Rc8 21.
c3 Nc5 22. Qxc8 Nd3+ 23. Rxd3 Qxd3 24. d7 Be3+ 25. Rxe3 Qxe3+ 26. Kc2 Qe4+ 27.
Kd2 Qg2+ 28. Kd3 Qd5+ 29. Kc2 Qe4+ 30. Kd2 Qg2+ 31. Ke3 Nxg4+ 32. Kd4 Qd2+ 33.
Kc5 Qe3+ 34. Kc6 Qe6+ 35. Kc7 Qe7 36. Kb8 Qd6+ 37. Qc7 1-0

[Event "Mechanics' Fall TNM; 30/90, SD/30"]
[Site "San Francisco"]
[Date "2011.12.13"]
[Round "9.3"]
[White "Banik, Siddharth"]
[Black "Lee, Andy"]
[Result "0-1"]
[WhiteElo "1974"]
[BlackElo "2266"]
[PlyCount "96"]
[EventDate "2011.??.??"]

1. c4 Nf6 2. g3 g6 3. Nc3 Bg7 4. Bg2 O-O 5. e4 d6 6. Nge2 c5 7. O-O Nc6 8. d3
Ne8 9. Be3 Nc7 10. d4 cxd4 11. Nxd4 Ne5 12. Qe2 Bg4 13. f3 Bd7 14. Rfd1 a6 15.
Rac1 b5 16. cxb5 axb5 17. Ndxb5 Nxb5 18. Nxb5 Bxb5 19. Qxb5 Rxa2 20. Kh1 Qa8
21. Bd4 Rb8 22. Qe2 Nd7 23. e5 e6 24. f4 d5 25. Rc7 Qa4 26. Bxd5 exd5 27. e6
Bxd4 28. exd7 Kg7 29. Rd2 Rd8 30. Rc8 Ra1+ 31. Kg2 Rg1+ 32. Kf3 Rxd7 33. Qe8
Kh6 34. Rd3 Bxb2 35. Kg4 f5+ 36. Kh3 Qe4 37. Qxe4 fxe4 38. Rd2 Bc1 39. Rdc2 Be3
40. R2c7 Rxc7 41. Rxc7 Bb6 42. Rb7 e3 43. g4 Bd8 44. g5+ Bxg5 45. fxg5+ Rxg5
46. Re7 d4 47. Kh4 Rg1 48. Re6 Kg7 0-1

[Event "Mechanics' Fall TNM; 30/90, SD/30"]
[Site "San Francisco"]
[Date "2011.11.15"]
[Round "5.12"]
[White "Banik, Siddharth"]
[Black "Ramachandran, Jayakrishnan"]
[Result "1-0"]
[WhiteElo "1974"]
[BlackElo "1791"]
[PlyCount "109"]
[EventDate "2011.??.??"]

1. e4 e5 2. Bc4 Nf6 3. d3 Be7 4. Nf3 d6 5. c3 O-O 6. O-O c6 7. Bb3 Bg4 8. h3
Bc8 9. Nbd2 Nbd7 10. Re1 Nc5 11. Bc2 b6 12. d4 Ncd7 13. Nc4 Qc7 14. Bg5 Re8 15.
Bh4 Ba6 16. Bb3 h6 17. Bg3 Bxc4 18. Bxc4 b5 19. Bb3 g6 20. Qd2 Kg7 21. Rad1
Rad8 22. Qc1 Nh7 23. h4 Bf6 24. c4 bxc4 25. Bxc4 exd4 26. Nxd4 Bxd4 27. Rxd4
Ne5 28. Qc3 f6 29. Bb3 c5 30. Rdd1 Re7 31. f4 Ng4 32. e5 dxe5 33. fxe5 Nxe5 34.
Rxd8 Qxd8 35. Bxe5 Rxe5 36. Rxe5 fxe5 37. Qxe5+ Nf6 38. Qxc5 Qb6 39. Qxb6 axb6
40. Kf2 g5 41. hxg5 hxg5 42. Ke3 Nh5 43. Bd5 Kf6 44. a4 Ke5 45. Bc6 Nf4 46. b4
Ne6 47. a5 bxa5 48. bxa5 Kd6 49. Bb7 Kc7 50. a6 Kb6 51. g3 Nc7 52. Ke4 Nb5 53.
Kf5 Kc7 54. Kxg5 Kd6 55. Kf6 1-0

[Event "Mechanics' Fall TNM; 30/90, SD/30"]
[Site "San Francisco"]
[Date "2011.12.13"]
[Round "9.21"]
[White "Bayaraa, Chinguun"]
[Black "Brown, Nicholas"]
[Result "1-0"]
[WhiteElo "1132"]
[BlackElo "1444"]
[PlyCount "123"]
[EventDate "2011.??.??"]

{White is 5 years old.} 1. d4 d5 2. c4 c6 3. Nc3 Nf6 4. Bg5 e6 5. e3 Bb4 6. Qb3
Bxc3+ 7. Qxc3 O-O 8. Nf3 Nbd7 9. Bd3 dxc4 10. Bxc4 b5 11. Bb3 Bb7 12. Bc2 Rc8
13. Bxf6 Nxf6 14. O-O a6 15. Ne5 Qd5 16. Bb3 Qd6 17. Nd3 Ng4 18. Ne5 Nf6 19.
Qc5 Rcd8 20. Qxd6 Rxd6 21. Rac1 Rc8 22. Nd3 Ne4 23. Nc5 Nxc5 24. Rxc5 Rcd8 25.
Rfc1 Kf8 26. Bd1 f6 27. Bf3 Rc8 28. Kf1 Ke7 29. Ke2 Rc7 30. a3 g6 31. g3 Rc8
32. Bg2 Ba8 33. h4 Kd7 34. b4 Kc7 35. f4 Kb6 36. Kd3 Bb7 37. Kc3 a5 38. bxa5+
Kxa5 39. Kb3 Kb6 40. Kb4 Ra8 41. R1c3 Ra4+ 42. Kb3 Ra8 43. Bh1 f5 44. Bg2 Rg8
45. a4 bxa4+ 46. Kxa4 Ra8+ 47. Kb3 Kc7 48. Kb2 Rg8 49. Ra5 Ra8 50. Rxa8 Bxa8
51. Kb3 Rd8 52. Kc4 h6 53. Ra3 Kb6 54. Rb3+ Kc7 55. Ra3 Bb7 56. Kc5 Ra8 57.
Rxa8 Bxa8 58. Bf1 Kd7 59. Kb6 Kc8 60. Bg2 Kb8 61. Bxc6 Bxc6 62. Kxc6 1-0

[Event "Mechanics' Fall TNM; 30/90, SD/30"]
[Site "San Francisco"]
[Date "2011.11.22"]
[Round "6.25"]
[White "Bayaraa, Chinguun"]
[Black "Mar, Henry"]
[Result "0-1"]
[WhiteElo "1132"]
[BlackElo "1527"]
[PlyCount "105"]
[EventDate "2011.??.??"]

1. d4 Nf6 2. c4 e6 3. Nc3 d5 4. e3 g6 5. Nf3 Bg7 6. Bd3 O-O 7. O-O Nbd7 8. Qe2
c5 9. cxd5 exd5 10. Re1 c4 11. Bc2 a6 12. b3 Nb6 13. Bb2 Bg4 14. h3 Be6 15.
Rac1 Qc8 16. Red1 Bh6 17. Qe1 Kh8 18. Nh2 Ng8 19. Nb1 f5 20. bxc4 Nxc4 21. Ba1
Nf6 22. Bb3 b5 23. Nd2 Qb7 24. Bxc4 bxc4 25. Nhf3 Nd7 26. Rb1 Qc7 27. Bc3 Qc8
28. Nf1 Rb8 29. Rxb8 Qxb8 30. Rb1 Qa7 31. Ba5 Rc8 32. Qc3 Bg7 33. Ng5 Bg8 34.
Ng3 h6 35. Nf3 Rb8 36. Rc1 Rb5 37. Qd2 Qb7 38. Bc3 Be6 39. Ne2 Nf6 40. Ng3 Kh7
41. Qc2 Nd7 42. -- a5 43. Nd2 Bf8 44. Ne2 Bb4 45. Kh2 Qb8+ 46. g3 Bxc3 47. Qxc3
a4 48. Kg2 Rb2 49. a3 Nf6 50. Rc2 Rb7 51. Qa5 Ra7 52. Qc5 Ne4 53. Nxe4 {
remainder illegible} 0-1

[Event "Mechanics' Fall TNM; 30/90, SD/30"]
[Site "San Francisco"]
[Date "2011.12.06"]
[Round "8.23"]
[White "Bayaraa, Chinguun"]
[Black "Otterbach, Renate"]
[Result "1-0"]
[WhiteElo "1132"]
[BlackElo "854"]
[PlyCount "73"]
[EventDate "2011.??.??"]

1. d4 d5 2. c4 e6 3. Nc3 Nf6 4. Bg5 Be7 5. e3 Nbd7 6. Nf3 Ne4 7. Bxe7 Qxe7 8.
Nxe4 dxe4 9. Nd2 c6 10. Qc2 Nf6 11. a3 O-O 12. Nxe4 h6 13. Ng3 b6 14. Be2 g6
15. Bf3 Bb7 16. O-O Rab8 17. Be4 Kg7 18. Bd3 Rfd8 19. Rfd1 Rbc8 20. Qe2 c5 21.
dxc5 Qxc5 22. b4 Qc6 23. f3 Nh7 24. Be4 Rxd1+ 25. Rxd1 Qc7 26. Qb2+ e5 27. Bxb7
Qxb7 28. Qxe5+ f6 29. Qb5 a6 30. Qa4 Rxc4 31. Rd7+ Qxd7 32. Qxd7+ Kg8 33. Qe6+
Kg7 34. Qxc4 g5 35. Nf5+ Kg6 36. Ne7+ Kg7 37. Qg8# 1-0

[Event "Mechanics' Fall TNM; 30/90, SD/30"]
[Site "San Francisco"]
[Date "2011.10.25"]
[Round "2.7"]
[White "Beilin, Allan"]
[Black "Donnelly, Patrick"]
[Result "1-0"]
[WhiteElo "2034"]
[BlackElo "1499"]
[PlyCount "99"]
[EventDate "2011.??.??"]

1. e4 c5 2. Nf3 d6 3. d4 cxd4 4. Nxd4 Nf6 5. Nc3 a6 6. Be2 e6 7. O-O Be7 8. Kh1
b5 9. a3 Bb7 10. f3 Nbd7 11. Qe1 Ne5 12. f4 Ned7 13. Bf3 Qc7 14. Qg3 Qc4 15.
Be3 g6 16. Nb3 Qc7 17. Rad1 Rc8 18. f5 Nb6 19. Bc1 gxf5 20. exf5 Rg8 21. Qh3 e5
22. Bxb7 Qxb7 23. Na5 Qa8 24. Be3 Nc4 25. Nxc4 Rxc4 26. Qf3 Qxf3 27. gxf3 Kd7
28. Rg1 Rxg1+ 29. Kxg1 Kc6 30. Rd3 d5 31. b3 Rh4 32. Bg5 Rd4 33. Rxd4 exd4 34.
Ne2 Kc5 35. Bh4 Ng8 36. Bf2 Bf6 37. c3 Kd6 38. Bxd4 Bxd4+ 39. Nxd4 Ne7 40. Kf2
Ke5 41. Ke3 f6 42. h3 Kd6 43. Kf4 h6 44. Ke3 Nc8 45. f4 Nb6 46. Kf3 Nc8 47. Kg4
Ne7 48. Kh5 Ng8 49. Kg6 Ke7 50. Kg7 1-0

[Event "Mechanics' Fall TNM; 30/90, SD/30"]
[Site "San Francisco"]
[Date "2011.10.18"]
[Round "1.10"]
[White "Bertot, German"]
[Black "Beilin, Allan"]
[Result "0-1"]
[WhiteElo "1629"]
[BlackElo "2034"]
[PlyCount "90"]
[EventDate "2011.??.??"]

1. d4 d5 2. c4 c6 3. Nc3 Nf6 4. Nf3 e6 5. Bg5 Nbd7 6. e3 Qa5 7. Rc1 Bb4 8. Qc2
Qxa2 9. cxd5 Nxd5 10. Bd3 Nxc3 11. bxc3 Qxc2 12. Rxc2 Be7 13. Bf4 O-O 14. h4 b6
15. g4 Bb7 16. g5 c5 17. Rh3 Rfc8 18. h5 c4 19. Be2 Be4 20. Rc1 b5 21. Kd2 b4
22. g6 b3 23. gxh7+ Kxh7 24. h6 g6 25. Bd6 Bf6 26. Ba3 Nb6 27. Rg1 Na4 28. Ng5+
Bxg5 29. Rxg5 b2 30. Bxb2 Nxb2 31. f3 Bd3 32. Rb5 Bxe2 33. Kxe2 Rab8 34. Ra5
Rb7 35. d5 exd5 36. Rxd5 Na4 37. Kd2 Rb2+ 38. Kc1 Rcb8 39. e4 Nxc3 40. Rd7 R8b7
41. Rxf7+ Rxf7 42. Kxb2 Nb5 43. e5 c3+ 44. Kc2 Rf5 45. e6 Re5 0-1

[Event "Mechanics' Fall TNM; 30/90, SD/30"]
[Site "San Francisco"]
[Date "2011.11.15"]
[Round "5.24"]
[White "Bertot, German"]
[Black "Mar, Henry"]
[Result "1-0"]
[WhiteElo "1629"]
[BlackElo "1527"]
[PlyCount "91"]
[EventDate "2011.??.??"]

1. d4 c6 2. c4 Nf6 3. Nc3 d5 4. Bg5 e6 5. e3 h6 6. Bh4 Be7 7. Nf3 Nbd7 8. Bd3
b6 9. cxd5 cxd5 10. Rc1 Bb7 11. O-O O-O 12. a3 Ne4 13. Bxe7 Qxe7 14. Nd2 f5 15.
f3 Ng5 16. Qe1 Qe8 17. Nb5 Qg6 18. Nd6 Bc8 19. Rc7 Nf6 20. Qh4 Nf7 21. Nxf7
Rxf7 22. Rfc1 Rxc7 23. Rxc7 Qg5 24. Qxg5 hxg5 25. Bb5 a6 26. Bc6 Rb8 27. Nb1 g4
28. Kf2 gxf3 29. gxf3 Kh7 30. Nc3 Kg6 31. Ne2 a5 32. Nf4+ Kh6 33. Re7 Ng8 34.
Re8 Nf6 35. Rh8+ Nh7 36. Nxe6 Kg6 37. Nf4+ Kf7 38. Bxd5+ Kf6 39. Rxh7 Bd7 40.
Nh5+ Kg6 41. Rxg7+ Kxh5 42. Rxd7 Rc8 43. Bb3 Kg6 44. Rd6+ Kg5 45. Rxb6 Rh8 46.
Kg3 1-0

[Event "Mechanics' Fall TNM; 30/90, SD/30"]
[Site "San Francisco"]
[Date "2011.11.01"]
[Round "3.27"]
[White "Bertot, German"]
[Black "Nelson, Christopher"]
[Result "1-0"]
[WhiteElo "1629"]
[BlackElo "1537"]
[PlyCount "51"]
[EventDate "2011.??.??"]

1. d4 f5 2. Bg5 h6 3. Bh4 g5 4. Bg3 Nf6 5. e3 Bg7 6. Nd2 d6 7. h4 g4 8. Ne2 h5
9. Bf4 b6 10. Ng3 e6 11. c3 Bb7 12. Qa4+ Qd7 13. Bb5 c6 14. Bd3 b5 15. Qb3 d5
16. a4 bxa4 17. Rxa4 O-O 18. O-O a5 19. Rfa1 Ba6 20. Bxa6 Nxa6 21. Rxa5 Qc8 22.
Qa3 Nc7 23. Bxc7 Qxc7 24. Rxa8 Rd8 25. Rxd8+ Qxd8 26. Qa8 1-0

[Event "Mechanics' Fall TNM; 30/90, SD/30"]
[Site "San Francisco"]
[Date "2011.11.22"]
[Round "6.12"]
[White "Bertot, German"]
[Black "Poling, Scott"]
[Result "1-0"]
[WhiteElo "1629"]
[BlackElo "1632"]
[PlyCount "69"]
[EventDate "2011.??.??"]

1. d4 e6 2. c4 Nf6 3. Bg5 h6 4. Bh4 c5 5. d5 b5 6. dxe6 fxe6 7. Qc2 Qe7 8. e3
Bb7 9. Nd2 bxc4 10. Nxc4 Be4 11. Qc3 Nc6 12. Rd1 d5 13. Ne5 Nxe5 14. Qxe5 c4
15. Ne2 g5 16. Bg3 Bg7 17. Qd6 Nd7 18. Nc3 Bg6 19. Be2 Nc5 20. Qc6+ Kf7 21. Bd6
Qb7 22. Qxc5 Qxb2 23. Qc7+ Kg8 24. O-O Qxc3 25. Qe7 Re8 26. Qxa7 Kh7 27. Qc5
Rc8 28. Qa7 Ra8 29. Qb6 Rxa2 30. Bg4 Bd3 31. Bxe6 Bxf1 32. Bf5+ Kg8 33. Qd8+
Kf7 34. Qe7+ Kg8 35. Qe6# 1-0

[Event "Mechanics' Fall TNM; 30/90, SD/30"]
[Site "San Francisco"]
[Date "2011.10.18"]
[Round "1.18"]
[White "Brown, Nicholas"]
[Black "Delmonico, Nils"]
[Result "0-1"]
[WhiteElo "1444"]
[BlackElo "1909"]
[PlyCount "28"]
[EventDate "2011.??.??"]

1. d4 e6 2. c4 Bb4+ 3. Bd2 Bxd2+ 4. Nxd2 Nf6 5. Ngf3 O-O 6. e3 d6 7. Bd3 Nc6 8.
a3 e5 9. Qc2 exd4 10. exd4 Re8+ 11. Ne4 d5 12. cxd5 Qxd5 13. Nfd2 Nxd4 14. Qc4
Qxc4 0-1

[Event "Mechanics' Fall TNM; 30/90, SD/30"]
[Site "San Francisco"]
[Date "2011.12.06"]
[Round "8.22"]
[White "Brown, Nicholas"]
[Black "Mar, Henry"]
[Result "1/2-1/2"]
[WhiteElo "1444"]
[BlackElo "1527"]
[PlyCount "145"]
[EventDate "2011.??.??"]

1. d4 c6 2. c4 d5 3. Nc3 Nf6 4. e3 Bf5 5. Nf3 e6 6. Be2 Bd6 7. O-O O-O 8. Qb3
Qc7 9. c5 Be7 10. Qd1 Nbd7 11. Bd3 Bxd3 12. Qxd3 b6 13. b4 bxc5 14. bxc5 Rab8
15. e4 dxe4 16. Nxe4 Nxe4 17. Qxe4 Nf6 18. Qe2 Nd5 19. Bd2 Bf6 20. Rfb1 Nf4 21.
Qe4 Ng6 22. Bg5 Bxg5 23. Nxg5 h6 24. Nf3 Rfd8 25. Rxb8 Rxb8 26. Rb1 Rxb1+ 27.
Qxb1 Nf4 28. Qe4 Nd5 29. Qe1 a5 30. Qb1 Qf4 31. h3 Nc3 32. Qe1 Qc1 33. Qxc1
Ne2+ 34. Kf1 Nxc1 35. Ne5 Nxa2 36. Nxc6 a4 37. Nb8 Nb4 38. c6 Nd5 39. Na6 a3
40. Nc5 a2 41. Nb3 Kf8 42. Ke2 Ke8 43. Kd2 Nb4 44. Kc3 Nxc6 45. Kb2 Nb4 46. Kc3
Nd5+ 47. Kb2 Nb4 48. g3 Nd3+ 49. Kxa2 Nxf2 50. h4 Ne4 51. g4 g5 52. hxg5 hxg5
53. Nc1 Nf2 54. Ne2 Nxg4 55. Kb3 Ne3 56. Ng3 f5 57. Kc3 f4 58. Ne4 g4 59. Kd3
Nf5 60. Nf6+ Ke7 61. Nxg4 f3 62. Ke4 Kd6 63. Kxf3 Nxd4+ 64. Ke4 Nf5 65. Nf2
Ng3+ 66. Kf3 Nf5 67. Kf4 Kd5 68. Ng4 Kd4 69. Ne5 Nd6 70. Nf3+ Kd5 71. Ne5 Kd4
72. Nf3+ Kd5 73. Ne5 1/2-1/2

[Event "Mechanics' Fall TNM; 30/90, SD/30"]
[Site "San Francisco"]
[Date "2011.11.08"]
[Round "4.26"]
[White "Brown, Nicholas"]
[Black "Morgan, Jerry"]
[Result "0-1"]
[WhiteElo "1444"]
[BlackElo "1442"]
[Annotator "Donaldson"]
[PlyCount "58"]
[EventDate "2011.??.??"]

1. d4 d5 2. c4 c6 3. Nf3 Nf6 4. Nc3 dxc4 5. e4 b5 6. e5 Nd5 7. Nxd5 $2 (7. a4)
(7. Ng5) 7... cxd5 8. b3 Qa5+ 9. Qd2 c3 10. Qc2 Ba6 (10... Nc6 $1) 11. Bd3 h6
$2 (11... e6) 12. O-O $2 (12. e6 $1) 12... b4 $2 13. Ne1 $2 (13. e6 $1) 13...
e6 14. f4 Nc6 15. Be3 Bxd3 16. Nxd3 Ne7 17. Nc5 $2 (17. a3) 17... Nf5 18. Bf2
Bxc5 (18... Nxd4 $2) 19. dxc5 O-O 20. g4 Ne7 21. Bd4 Nc6 22. Rfd1 Nxd4 23. Rxd4
Qxc5 24. Rad1 a5 (24... f6) 25. Kg2 Qe7 26. h3 Ra7 27. Rf1 Qc5 28. Rfd1 Rfa8
29. f5 a4 0-1

[Event "Mechanics' Fall TNM; 30/90, SD/30"]
[Site "San Francisco"]
[Date "2011.11.22"]
[Round "6.23"]
[White "Brown, Nicholas"]
[Black "Sherwood, Peter"]
[Result "0-1"]
[WhiteElo "1444"]
[BlackElo "1766"]
[PlyCount "84"]
[EventDate "2011.??.??"]

1. d4 d5 2. c4 dxc4 3. e4 e5 4. Bxc4 exd4 5. Nf3 Bb4+ 6. Bd2 Bxd2+ 7. Qxd2 Nf6
8. e5 Nd5 9. Bxd5 Qxd5 10. Qxd4 Be6 11. O-O Nc6 12. Qxd5 Bxd5 13. Nbd2 O-O 14.
a3 Rad8 15. Rac1 Rd7 16. Rfe1 Re8 17. Re3 Ne7 18. Rec3 c6 19. Nc4 Bxc4 20. Rxc4
Red8 21. h3 Kf8 22. Re4 Rd1+ 23. Rxd1 Rxd1+ 24. Re1 Rxe1+ 25. Nxe1 Nd5 26. Nd3
Ke7 27. g3 b6 28. Kg2 Ke6 29. Kf3 c5 30. Ke4 c4 31. Nf4+ Nxf4 32. gxf4 g6 33.
h4 a6 34. a4 h5 35. f3 b5 36. axb5 axb5 37. Kd4 Kf5 38. Kc5 Kxf4 39. Kxb5 Kxe5
40. Kxc4 g5 41. b4 gxh4 42. b5 Kd6 0-1

[Event "Mechanics' Fall TNM; 30/90, SD/30"]
[Site "San Francisco"]
[Date "2011.11.29"]
[Round "7.16"]
[White "Campers, Willie"]
[Black "Abraham, Renjish"]
[Result "0-1"]
[WhiteElo "1748"]
[BlackElo "1884"]
[PlyCount "80"]
[EventDate "2011.??.??"]

1. e4 c5 2. Nf3 d6 3. d4 cxd4 4. Nxd4 Nf6 5. Nc3 g6 6. Bc4 Bg7 7. f3 Nc6 8. Be3
Bd7 9. Qd2 a6 10. O-O-O b5 11. Bb3 Rc8 12. Nxc6 Bxc6 13. Bh6 O-O 14. Bxg7 Kxg7
15. h4 h5 16. Qg5 Qc7 17. Rd2 b4 18. Ne2 Bxe4 19. fxe4 Nxe4 20. Qe3 Nxd2 21.
Qxd2 Qb7 22. Bd5 Qb5 23. g4 Rc5 24. Be4 Qc4 25. Qd4+ Qxd4 26. Nxd4 Rc4 27. Bd3
Rxd4 28. gxh5 gxh5 29. b3 a5 30. Kd2 Rc8 31. Ke3 e5 32. Rh2 Rf8 33. Be2 Kh6 34.
Rf2 f5 35. Rh2 Rg8 36. Bc4 f4+ 37. Ke2 Rg3 38. Bf7 f3+ 39. Kf2 Rgg4 40. Kf1
Rd1+ 0-1